ბათუმის შოთა რუსთაველის სახელმწიფო უნივერსიტეტის ბიბლიოთეკა

Семантико - прагматические аспекты языковых средств выражающих эмоции в межкультурном дискурсе / (ბიბ.ჩანაწერი № 52162)

000 -ლიდერი
ფიქსირებული სიგრძის საკონტროლო ველი 01471nam a2200253Ia 4500
001 - საკონტროლო ნომერი
საკონტროლო ველი 19169
003 - საკონტროლო ნომრის იდენტიფიკატორი
საკონტროლო ველი GE_BSU
005 - ბოლო ოპერაციის თარიღი და დრო
საკონტროლო ველი 20210312140235.0
008 - ფიქსირებული სიგრძის მონაცემთა ელემენტები - ზოგადი ინფორმაცია
ფიქსირებული სიგრძის საკონტროლო ველი 181216s2012||||ge |||||||||||||| ||geo||
040 ## - კატალოგიზაციის წყარო
Transcribing agency GE_BSU
041 ## - ენის კოდი
Language code of text/sound track or separate title geo
080 ## - უნივერსალური ათობითი კლასიფიკაციის ინდექსი
Universal Decimal Classification number 811.111 С-16
100 ## - მთავარი ჩანაწერი - პიროვნების სახელი
Personal name Салуквадзе, Наталья Левановна
9 (RLIN) 10441
245 ## - ცნობა სათაურის შესახებ
Title Семантико - прагматические аспекты языковых средств выражающих эмоции в межкультурном дискурсе /
Statement of responsibility, etc Наталья Салуквадзе; Научн. руков. И. Гошхетелиани; Батумский гос. ун-т им. Шота Руставели. Департамент Европеистики.
264 ## - წარმოების, გამოცემის, დისტრიბუციის და სხვა ცნობები
გამოცემის, წარმოების, დისტრიბუციის... ადგილი Батуми :
გამოცემის, წარმოების, დისტრიბუციის... სახელწოდება Батумский гос. ун-т им. Ш. Руставели,
გამოცემის, წარმოების, დისტრიბუციის... თარიღი 2012.
300 ## - ფიზიკური აღწერა
Extent 203 стр.
Other physical details 30 см.
653 ## - INDEX TERM--UNCONTROLLED
Uncontrolled term Семантико-прагматические аспекты языковых средств выражающих эмоции в межкультурном дискурсе.
653 ## - INDEX TERM--UNCONTROLLED
Uncontrolled term Языкознание
653 ## - INDEX TERM--UNCONTROLLED
Uncontrolled term დისერტაცია
653 ## - INDEX TERM--UNCONTROLLED
Uncontrolled term ენათმეცნიერება
700 ## - ADDED ENTRY--PERSONAL NAME
Personal name Гошхетелиани, И.
Relator term Научн. руководитель
9 (RLIN) 10442
710 ## - ADDED ENTRY--CORPORATE NAME
Corporate name or jurisdiction name as entry element Батумский гос. ун-т им. Шота Руставели
Subordinate unit Департамент Европеистики.
9 (RLIN) 10443
942 ## - ADDED ENTRY ELEMENTS (KOHA)
Koha item type წიგნი
Source of classification or shelving scheme
ეგზემპლარები
ჩამოწერის სტატუსი დაკარგული ეგზემპლარის სტატუსი კლასიფიკაციის წყარო ან თაროზე გაწყობის სქემა დაზიანების სტატუსი არ გაიცემა მუდმივი მდებარეობა (დაცვის ადგილი) ამჟამინდელი ადგილსამყოფელი თაროზე განთავსების ადგილი შეძენის თარიღი სრული შენახვის შიფრი შტრიხკოდი ბოლო ოპერაციის თარიღი ეგზემპლარის მიმდევრობითი ნომერი (კეტერი?) ფასის ძალაში შესვლის თარიღი ეგზემპლარის სახეობა საჯარო შენიშვნა
          ბათუმის შოთა რუსთაველის სახელმწიფო უნივერსიტეტის მთავარი ბიბლიოთეკა ბათუმის შოთა რუსთაველის სახელმწიფო უნივერსიტეტის მთავარი ბიბლიოთეკა წიგნსაცავი 2018-12-17 811.111 С-16 181 დისერტ. 2018-12-17 181 2018-12-17 დისერტაცია